| 000 | 00841nam a22002177a 4500 | ||
|---|---|---|---|
| 999 |
_c11047 _d11047 |
||
| 003 | AR-CdUCM | ||
| 008 | 190402b ||||| |||| 00| 0 spa d | ||
| 040 |
_aMUNICIPALIDAD PROVINCIAL DEL CUSCO _cBIBLIOTECA MUNICIPAL DEL CUSCO |
||
| 082 |
_a146 / _bA16 / 1959 |
||
| 100 |
_aKonstantinov, F. V. _928175 |
||
| 245 | _aLos fundamento de la filosofía marxista / | ||
| 260 |
_aMéxico : _bGrijalbo, _c1959. |
||
| 300 |
_a651 paginas ; _c22 cm. |
||
| 505 | _aContenido : Objeto de la filosofía -- La lucha del materialismo y el idealismo en la historia de la filosofía, antes del marxismo -- Nacimiento y desarrollo de la filosofía marxista ... | ||
| 650 |
_aFilosofía _9395 |
||
| 650 |
_aMarxismo _924 |
||
| 650 |
_aFundamentos _928176 |
||
| 700 |
_aSanchez Vazquez, Adolfo (Traductor) _928177 |
||
| 942 |
_2ddc _cLIBROS |
||
| 945 | _arah | ||